000 01061nam a2200337 a 4500
001 vtls000107997
003 NLI
005 20210601202803.0
008 101125s1982 enkd 001 0 eng
020 _a0710801408 :
_cPND 18.95
020 _a0710801726 (pbk)
039 9 _y201011251210
_zVLOAD
040 _aNLI
_beng
_cDataSoft
_eAACR2
041 0 _aeng
044 _aenk
082 0 4 _a330
100 1 _aSawyer, Malcolm C.
_9227194
245 1 0 _aMacro-economics in question :
_bthe keynsion monetarist orthodonies and the kaledians alternative /
_cMalcolm C. Sawyer
260 _aSussex :
_bWheatsheat Books,
_c1982
300 _axiii, 190 p. :
_bcharts, diagr. ;
_c22 cm.
504 _aIncludes bibliographical references and index
650 0 _aMacroeconomics
_9202358
650 0 _aInflation (Finace)
_9227195
650 0 _aEconomic policy
_92783
650 0 _aEconomics
_92844
887 _a
901 _a481564
_b20.12.1984
902 _aE330 Sa97
949 _AVIRTUAITEM
_D10000
_X100
_6PUR000481564ENG
942 _2ddc
_cBKS
999 _aVIRTUA00
_c113003
_d113003